01352nam a22002771 450000100060000000300080000600500170001400800410003103500190007204000320009104100080012308200200013110000400015124501820019126000420037330000260041550400870044165000350052870000300056370000440059394200120063799900170064995201370066695201350080395201360093833465BD-RjUL20211209052019.0140508s1964 nyu b 001 0 eng d a(BD-RjUL)33556 aDLCcDLCdDLCdBD-RjULbeng aeng00a133.3bFEW 19641 aFestinger, Leon,d1919-1989.99133510aWhen prophecy fails :c Leon Festinger, Henry W. Riecken and Stanley Schachter.bA Social and Psychological Study of A Modern Group that Predical the Destruction of the World / aNew York :bHarper Torchbooks,c1964. avii, 253 p. ;c23 cm. aBibliographical references included in "Notes to chapter 1" (p. 253-254) and Index 0aProphecies (Occultism)91015611 aRiecken, Henry W.91015621 aSchachter, Stanley,d1922-1997.9101563 2ddccBK c33465d33465 00102ddc40718NFICaRUCLbRUCLcReadingd1968-04-02eEuro Pakg10.50l0o133.3 FEW 1964r2014-05-08 00:00:00tC-1w2021-12-09yBK 00102ddc40708NFICaRUCLbRUCLcStackd1968-04-02eEuro Pakg10.50l0o133.3 FEW 1964r2014-05-11 00:00:00tC-3w2014-05-11yBK 00102ddc40708NFICaRUCLbRUCLcStackd1968-04-02eEuro-Pak.g10.50l0o133.3 FEW 1964r2014-06-11 00:00:00tC-2w2014-06-11yBK